Indonesia (Record no. 249119)
[ view plain ]
| 000 -LEADER | |
|---|---|
| fixed length control field | 01501nam a2200385Ia 4500 |
| 245 00 - TITLE STATEMENT | |
| Title | Indonesia |
| 260 ## - PUBLICATION, DISTRIBUTION, ETC. (IMPRINT) | |
| Place of publication | Washington, D.C. : |
| Name of publisher | International Monetary Fund, |
| Year of publication | c2012. |
| 300 ## - PHYSICAL DESCRIPTION | |
| Number of Pages | xv, 125 p. |
| 650 #0 - SUBJECT ADDED ENTRY--TOPICAL TERM | |
| Topical Term | Corporate governance |
| Topical Term | Corporations |
| Topical Term | Debts, Public |
| Topical Term | Fiscal policy |
| Topical Term | Foreign exchange reserves |
| Topical Term | Inflation (Finance) |
| Topical Term | Monetary policy |
| 700 1# - ADDED ENTRY--PERSONAL NAME | |
| Personal name | Rumbaugh, Thomas. |
| 856 40 - ELECTRONIC LOCATION AND ACCESS | |
| Uniform Resource Identifier | http://site.ebrary.com/lib/rucke/Doc?id=10547375 |
No items available.
